000 01132nam a2200241Ia 4500
003 OSt
005 20210416143122.0
008 210310s1994 mx gr 000 0 spa d
022 _29701002857
040 _aCO-JMCR
_cCO-JMCR
041 _aspa
082 0 4 _a382.097308 /
_bS117l
_223
100 1 _aSaborío, Sylvia,
_eautor
_925723
245 1 0 _aReto a la Apertura Libre Comercio en las Américas /
_cSylvia Saborío
260 _aMéxico :
_bMcGraw-Hill,
_c1994.
300 _a306 páginas ;
_c23 cm.
505 0 _aPanorama general.-- Sinopsis de recomendaciones por capítulos. --Un área e libre comercio en hemisferio Occidental. -- Libre comercio en las Américas: una perspectiva de E.U. -- Acuerdos subregionales de libre comercio.
520 0 _aEn reto a la apertura expertos analistas de América Latina, Canadá y Estados Unidos exploran la dinámica de los procesos de la apertura económica que actualmente están en marcha en el continente amercano.
650 1 4 _aLibre comercio
_92688
650 2 4 _aLibre comercio
_zColombia
_99073
650 2 4 _aLibre comercio
_zAmérica latina.
_936924
942 _2ddc
_cBK
999 _c11513
_d11513